000 00868nam a2200253 a 4500
005 20200104041517.0
008 140224b1993 -us fr|||| 00| 0 spa d
020 _a1881230031
040 _aCO-BoIAVH
_cCO-BoIAVH
041 0 _aspa
044 _axxu
082 0 4 _a577.3
_bS32f
100 1 _aSchelhas, John
245 1 4 _aLos fragmentos de bosques en el paisaje tropical y la conservación de las aves migratorias :
_cJohn Schelhas & RussellGreenberg
260 _aWashington :
_bSmithsonian Migratory Bird Center ,
_c1993.
300 _a64 páginas ;
_c27 x 21 cm.
650 1 6 _aFragmentación de bosques
650 2 6 _aEcosistemas tropicales
650 2 6 _aConservación de biodiversidad
650 2 6 _aAves migratorias
650 2 6 _aEstrategias de conservación
700 1 _aGreenberg, Russell
942 _cLIBRO
_2ddc
999 _c1041
_d1041